| 000 | 01265cab a2200313 4500 | ||
|---|---|---|---|
| 001 | WB3026-43 | ||
| 008 | 090401t1994 xxu||||| |||| 00| 0 eng d | ||
| 035 | _a(Sirsi) u80690 | ||
| 041 | _aeng | ||
| 245 | _aUse of listed building | ||
| 260 | _c1994 | ||
| 350 | _a0 | ||
| 490 |
_aEstates Gazette Case Summaries _v(1994) EGCS 118(1) (2/7/94) |
||
| 520 | _a"Heatherington UK Ltd v SoS Environment and another" QBD 15 June 1994. Planning permission for continued office use was sought for part of a property in Mayfair, where the development plan made residential accommodation a priority. Held, Planning (Listed Buildings and Conservation Areas) Act 1990 s66(1) had not been properly considered before refusing permission and the case should be remitted for reconsideration. | ||
| 650 | _aDEVELOPMENT PLANS | ||
| 650 | _aGROSVENOR ESTATE | ||
| 650 | _aHISTORIC BUILDINGS | ||
| 650 | _aLISTED BUILDINGS | ||
| 650 | _aMAYFAIR | ||
| 650 | _aOFFICE USE | ||
| 650 | _aOFFICES | ||
| 650 | _aPLANNING (LISTED BUILDINGS AND CONSERVATION AREAS) ACT 1990 | ||
| 650 | _aPLANNING PERMISSION | ||
| 650 | _aRESIDENTIAL USE | ||
| 650 | _aTEMPORARY PLANNING PERMISSION | ||
| 690 | _aPLANNING LAW AND PRACTICE-CASE LAW | ||
| 942 | _n0 | ||
| 948 | _c04/03/1997 | ||
| 999 |
_c50800 _d50800 |
||